00518nam a22001937a 450000500170000001000130001702000220003003500130005203700160006504000120008108200150009310000170010824500410012526000490016627000460021530000210026165000220028265000200030420170124110057.0 aB-209691 c00.00a8185989885 aB-209691 bCen Lib/Ret aDPLbEN a651.3bBHA aBhatia, R.C. aOffice management /cby R.C. Bhatia aNew DelhibGalgotia Publishing Companyc2003 bNew Delhia6A/4,W.E.A. Karol Baghe110005 a351p. c22cm(Hb) aOffice management aOffice practice